Top 20 Braves: All-Time Home Run Leaders - Statistics

General Stats
  • This quiz has been taken 474 times
    442 since last reset
  • The average score is 9 of 20
Answer Stats
Home Runs Answer % Correct
733 Hank Aaron
99%
468 Chipper Jones
97%
368 Andruw Jones
96%
493 Eddie Matthews
78%
227 Freddie Freeman
77%
371 Dale Murphy
75%
130 Fred McGriff
57%
160 David Justice
55%
214 Javy Lopez
50%
188 Brian McCann
42%
147 Ron Gant
34%
215 Bob Horner
31%
139 Ryan Klesko
27%
142 Joe Torre
26%
131 Darrell Evans
20%
109 Jeff Blauser
17%
239 Joe Adcock
15%
109 Rico Carty
14%
170 Del Crandall
7%
199 Wally Berger
7%
No matching quizzes found
Score Distribution
Percent of People with Each Score
Percentile by Number Answered
Your Score History
You have not taken this quiz since the last reset